000 00916nam a2200265 i 4500
001 189035
003 ES-MaACL
005 20240103130015.0
008 190325s2016 ie co |||| |deng d
020 _a978-1-78117-465-4
100 1 _aGillis, Liz.
_9166663
245 1 0 _aWomen of the Irish Revolution /
_cLiz Gillis.
260 _aCork [Irlanda] :
_bMercier Press,
_c[2016]
300 _a240 p. :
_bil., retr., fot. ;
_c24 x 19 cm.
500 _aÍndice.
504 _aBibliografía: p. 230-231.
650 4 _aMujeres-
_zIrlanda.
_9166664
651 4 _aIrlanda-
_xHistoria-
_y1910-1921.
_9165540
651 4 _aIrlanda-
_zHistoria-
_yS.XX.
_98855
852 _aES-MaACL
_jA-14425
_9196171
_bR.151785
_cDEPO1
_dOlim: N-7425
_hDonación: Embajada de Irlanda
914 _9234032
_aEmbajada de Irlanda en España
_ednr
942 _2udc
_cMONOGRAFIA
999 _c189035
_d189035